Některé souvislosti ochrany životního prostředí a agrární politiky.

Vzťah ekonomickej a ekologickej optimalizácie. Zahrnutie ekologických nárokov do ekonomicko-ekologickej optimalizácie. Daňovo-dotačný prístup. Regulačný prístup. Porovnanie účinnosti daňovej a limitnej regulácie znečisťovania životného prostredia. Vydávanie a predaj certifikátov. Návrhy pre agrárnu...

Description complète

Enregistré dans:
Détails bibliographiques
Auteur principal: Tvrdoň, Jiří
Format: Chapitre de livre
Langue:tchèque
Sujets:
Tags: Ajouter un tag
Pas de tags, Soyez le premier à ajouter un tag!

MARC

LEADER 00000naa a2200000 4500
001 r013149
005 20221205075439.2
041 0 |a cze 
044 |a SK 
245 1 0 |a Některé souvislosti ochrany životního prostředí a agrární politiky.  |c J. Tvrdoň 
520 |a Vzťah ekonomickej a ekologickej optimalizácie. Zahrnutie ekologických nárokov do ekonomicko-ekologickej optimalizácie. Daňovo-dotačný prístup. Regulačný prístup. Porovnanie účinnosti daňovej a limitnej regulácie znečisťovania životného prostredia. Vydávanie a predaj certifikátov. Návrhy pre agrárnu politiku v oblasti životného prostredia. 
610 2 0 |a ochrana prostredia životného 
610 2 0 |a ekológia 
610 2 0 |a politika poľnohospodárska 
610 2 0 |a dane 
610 2 0 |a prostredie životné 
100 1 |a Tvrdoň, Jiří